00414nam a2200133Ia 4500008004100000020001500041040001100056050001300067100002000080245004900100260005500149300002300204500005300227100521e 1975fr ja 000 0 fre d a2706806036 aABU-Za aBP 64.A1 aCuoq, Joseph M. 0aLes Musulmans En Afrique.cby Joseph M. Cuoq aParis:bEditions G.P. Maisonneuve Et Larose,c1975 a522p.: ill.; table aIncludes Bibliographic References;Includes Index